Greece reform of social welfare programmes

Gespeichert in:
Bibliographische Detailangaben
Format: Buch
Sprache:Englisch
Veröffentlicht: Paris OECD 2013
Schriftenreihe:OECD public governance reviews
Schlagworte:
Tags: Tag hinzufügen
Keine Tags, Fügen Sie das erste Tag hinzu!

MARC

LEADER 00000nam a2200000 4500
001 0181639
005 20240315120706.1
020 |a 978-92-64-19648-3 
022 |a 2219-0406 
041 0 |a eng 
044 |a FR 
245 1 0 |a Greece  |b reform of social welfare programmes 
264 1 |a Paris  |b OECD  |c 2013 
300 |a 190 s. 
490 1 |a OECD public governance reviews 
830 0 |a OECD public governance reviews 
610 2 0 |a politika sociálna 
610 2 0 |a dávky 
610 2 0 |a podpory v nezamestnanosti 
610 2 0 |a systémy sociálne 
610 2 0 |a programy sociálne 
610 2 0 |a reformy sociálne 
610 2 0 |a poistenie sociálne 
610 2 0 |a efektívnosť 
610 2 0 |a Grécko